Science Quiz

Random Science or World Quiz

Animal Tracks and Footprints Quiz Stats

 Plays Quiz Updated Mar 1, 2016

Score 0/20 Timer 05:00
0 Plays Today
% Correct
Correct! Those were made by a polar bear
96.2%
Correct! That's a fox's footprint
92%
Correct! A raccoon made those
88.7%
Correct! That is a snake's track
87.8%
Correct! It's a camel's footprint in the sand
87.6%
Correct! That's from a human (but sadly not me)
87.5%
Correct! Those were made by a rabbit
85.7%
Correct! It's a deer track in the mud
80.8%
Correct! That's from an opossum
80.8%
Correct! That was made by an emu
79.5%
% Correct
Correct! Those are tracks left by a sea turtle
72.5%
Correct! It's an alligator footprint
70.7%
Correct! It's from a hippopotamus
70.5%
Correct! That's an elephant's footprint
67.8%
Correct! That's from a lion
66%
Correct! It's from a house cat
65.7%
Correct! That's from a wallaby
64.2%
Correct! A wolf made that mark!
55.3%
Correct! That was made by an otter
53%
Correct! It's from an eagle
49.3%

You're not logged in!

Compare scores with friends on all Sporcle quizzes.
OR
Log In

Show Comments

Extras

Top Quizzes Today


Score Distribution

Your Account Isn't Verified!

In order to create a playlist on Sporcle, you need to verify the email address you used during registration. Go to your Sporcle Settings to finish the process.

Report this User

Report this user for behavior that violates our Community Guidelines.

Details: